Word Ladder: If You Know What I Mean Quiz Stats

 Plays Quiz Updated Aug 3, 2017

Support Sporcle.
Go Orange.
Score 0/39 Timer 05:00
0 Plays Today
Clue 4-Letter Word % Correct
'Fun with Dick and ___'JANE
85.2%
'___ she blows!'THAR
71%
College org. with male membersFRAT
69.5%
Tit, e.g.BIRD
65.4%
It may be fingered by a guitaristFRET
62%
Use for a wormBAIT
60.5%
Force that sucks and blowsWIND
60.1%
Sausage, slangilyBRAT
59.6%
A few times around the blockLAPS
58.1%
Beaver's momJUNE
57.2%
What one in heat wants to doCOOL
57%
Salty bodily fluidTEAR
55.7%
Have an itch forWANT
55.3%
ChapsLADS
55%
Quite a pickleBIND
54.3%
Gift for the naughtyCOAL
54.2%
RodWAND
53.2%
[With final rung] First Lady JohnsonLADY
52.4%
One who might eat dickBRIT
52%
Darker part of your meatCHAR
51.9%
Clue 4-Letter Word % Correct
Protuberance by the beachDUNE
51.8%
Mushroom headsCAPS
50.8%
ConsummatedDONE
50.4%
Engage in casual intercourseCHAT
49.3%
Kind of staffWAIT
48.3%
Big banana growerDOLE
47.7%
Area on body where the balls areFEET
47.3%
One who might toss saladCOOK
46%
KnobstickCANE
45.5%
SpankBEAT
43.8%
MasterstrokeFEAT
40.6%
Prince Albert, e.g.COAT
39.8%
PeckerBEAK
39.2%
Wood you sit onTEAK
37.7%
Teaser of horny creaturesCAPE
37.1%
Plug of sortsCORK
35.2%
Seedy placeCORE
20.7%
Lemon ___SOLE
13.7%
Put outSORE
9.8%

Today's Daily Dose

You're not logged in!

Compare scores with friends on all Sporcle quizzes.
OR
Log In
Forgot?

From the Vault

Darth Vader's Vocabulary: A New Hope

by Kolrad

Get in touch with your dark side.
Remove Ads.
Support Sporcle.
Get the best of Sporcle when you Go Orange. This ad-free experience offers more features, more stats, and more fun while also helping to support Sporcle. Thank you for becoming a member.

Show Comments

Extras

Top Quizzes Today


Score Distribution

Your Account Isn't Verified!

In order to create a playlist on Sporcle, you need to verify the email address you used during registration. Go to your Sporcle Settings to finish the process.

Report this User

Report this user for behavior that violates our Community Guidelines.

Details: